[Event "ENG-ch U08"]
[Site "Milton Keynes"]
[Date "2021.10.03"]
[Round "5"]
[White "Ong, Timothy"]
[Black "Maitret, Victor"]
[Result "0-1"]
[WhiteElo "1038"]
[BlackElo "1082"]
[PlyCount "140"]
[EventDate "2021.10.02"]
[EventType "swiss"]
[EventRounds "7"]
[EventCountry "ENG"]
[SourceTitle "EXT 2023"]
[Source "ChessBase"]
[SourceDate "2022.10.05"]
[SourceVersion "1"]
[SourceVersionDate "2022.10.05"]
[SourceQuality "1"]

1. e4 c5 2. c3 Nf6 3. e5 Nd5 4. d4 e6 5. Nf3 Nc6 6. Bc4 Nb6 7. Bd3 c4 8. Be2 Be7 9. 0-0 0-0 10. Bf4 Nd5 11. Bg3 b6 12. Bxc4 Nc7 13. Nbd2 Bb7 14. Qc2 d5 15. exd6 Bxd6 16. Bxd6 Qxd6 17. Ne4 Qf4 18. Qd3 Na5 19. Ned2 Nxc4 20. Qxc4 Rac8 21. Qd3 Ba6 22. Nc4 Nd5 23. Qd2 Bxc4 24. Qxf4 Nxf4 25. Rfe1 Nd3 26. Reb1 Rfd8 27. b3 Ba6 28. c4 Nb4 29. Rd1 Bb7 30. Ne5 Nc2 31. Rac1 Nxd4 32. Kf1 f6 33. Nd3 Nf5 34. Nb4 Rxd1+ 35. Rxd1 Nh4 36. g3 Nf3 37. h4 a5 38. Nc2 Nh2+ 39. Kg1 Ng4 40. Kf1 Ne5 41. Ne3 Nf7 42. Rd2 Rd8 43. Rxd8+ Nxd8 44. Ke2 Kf7 45. Kd3 Ke7 46. Kc3 Kd6 47. b4 Nc6 48. bxa5 bxa5 49. Kb3 Kc5 50. Ka4 Ba6 51. Kb3 Nd4+ 52. Kc3 e5 53. f3 Nxf3 54. Nf5 Bxc4 55. a3 g6 56. Ne3 Ba6 57. Ng4 f5 58. Nf2 e4 59. g4 e3 60. Nd3+ Bxd3 61. Kxd3 fxg4 62. Kxe3 Kc4 63. Kf4 Kb3 64. Kxg4 Kxa3 65. Kxf3 Kb2 66. Kg4 a4 67. Kg5 a3 68. Kh6 a2 69. Kxh7 a1Q 70. Kxg6 Qg1+ 0-1